<?xml version="1.0" encoding="UTF-8"?>
<record
    xmlns:xsi="http://www.w3.org/2001/XMLSchema-instance"
    xsi:schemaLocation="http://www.loc.gov/MARC21/slim http://www.loc.gov/standards/marcxml/schema/MARC21slim.xsd"
    xmlns="http://www.loc.gov/MARC21/slim">

  <leader>00398    a2200121   4500</leader>
  <controlfield tag="001">ART_29932</controlfield>
  <controlfield tag="005">20260410162002.0</controlfield>
  <controlfield tag="008">260409a                                 </controlfield>
  <datafield tag="245" ind1="1" ind2="0">
    <subfield code="a">Algunas consideraciones acerca de la teor&#xED;a de la imputaci&#xF3;n objetiva</subfield>
  </datafield>
  <datafield tag="100" ind1="1" ind2=" ">
    <subfield code="a">Figueroa, Francisco</subfield>
  </datafield>
  <datafield tag="700" ind1="1" ind2=" ">
    <subfield code="a">Buigo, Marcelo</subfield>
  </datafield>
  <datafield tag="773" ind1="0" ind2=" ">
    <subfield code="t">Interc&#xE1;tedras</subfield>
    <subfield code="g">IV y V Encuentro 2013 - N&#xBA; 2 (jun. 2014)</subfield>
    <subfield code="w">REV29919</subfield>
  </datafield>
  <datafield tag="999" ind1=" " ind2=" ">
    <subfield code="c">31392</subfield>
    <subfield code="d">31392</subfield>
  </datafield>
</record>
